| 000 | 00563nam a2200169 a 4500 | ||
|---|---|---|---|
| 001 | ASIN0856260894 | ||
| 005 | 20150803070903.0 | ||
| 008 | 150804s1974 xxu eng d | ||
| 020 |
_a0856260894 (hardcover) _c$38.00 |
||
| 020 | _a9780856260896 (hardcover) | ||
| 100 | 1 | _aNicolescu, L. J. | |
| 245 | 1 | 0 |
_aMathematics for engineers / _cL. J. Nicolescu, M. Stoka. |
| 260 |
_a[S.l.] : _bIntl Public Service, _c1974. |
||
| 300 | _a1 v. (unpaged) | ||
| 700 | 1 | _aStoka, M. | |
| 856 | 4 | 0 |
_3Amazon.com _uhttp://www.amazon.com/exec/obidos/ASIN/0856260894/chopaconline-20 |
| 999 |
_c13569 _d13569 |
||